01089nam a2200289Ia 4500008004100000020001800041040001800059041000800077100004600085245017200131260006500303300003800368490004600406504004700452650002800499650002500527650002500552650001900577650002200596700002900618700002600647700002300673700003200696700002200728700001900750765003000769130821s2010 ck a gr spa  a9789587380132 aCo-BoUCMbspa00aspa0 aBenthem, J. F. A. K. vanjGamut, L. T. F.10aLógica, lenguaje y significado lógica intencional y gramática lógicacJ. F. A. K. van Benthem...[et al.] ; traducción, Edgar J. Andrade, Carlos M. Márquez aBogotá (Colombia)bEditorial Universidad del Rosarioc2010 axxv, 443 páginasbilustraciones 0aColección Lecciones de Ciencias Humanas aIncluye bibliografía e índice general.04aGramática de Montague04aGramática lógica04aLógica intencional04aLógica modal04aTeoría de tipos1 aAndrade, Edgar J.etrad.1 aGroenendijk, J. A. G.1 aJongh, D. H. J. de1 aMárquez, Carlos M.etrad.1 aStokhof, M. J. B.1 aVerkuyl, H. J. tLogica, taal en betekenis